| 000 -LEADER |
| fixed length control field |
01160cam a2200313 a 4500 |
| 020 ## - INTERNATIONAL STANDARD BOOK NUMBER |
| ISBN |
9784924971318 |
| 020 ## - INTERNATIONAL STANDARD BOOK NUMBER |
| ISBN |
4924971316 |
| 040 ## - CATALOGING SOURCE |
| Transcribing agency |
LWU |
| 041 1# - LANGUAGE CODE |
| Language code of original and/or intermediate translations of text |
jpn |
| 082 ## - DEWEY DECIMAL CLASSIFICATION NUMBER |
| Classification number |
745 INT 2011 A088 Or. |
| 100 1# - MAIN ENTRY--AUTHOR NAME |
| Personal name |
Ishikawa, Kyūyō, |
| 245 10 - TITLE STATEMENT |
| Title |
Taction : |
| Remainder of title |
the drama of the chisel, stylus, brush in oriental calligraphy / |
| 246 15 - VARYING FORM OF TITLE |
| Title proper/short title |
Taction : |
| Remainder of title |
the drama of the stylus in oriental calligraphy |
| 250 ## - EDITION STATEMENT |
| Edition statement |
1st English ed. |
| 260 ## - PUBLICATION, DISTRIBUTION, ETC. (IMPRINT) |
| Place of publication |
Tokyo : |
| Name of publisher |
International House of Japan, |
| Year of publication |
2011. |
| 300 ## - PHYSICAL DESCRIPTION |
| Number of Pages |
xviii, 297 p. : |
| Other physical details |
ill. ; |
| Dimensions |
24 cm. |
| 490 1# - SERIES STATEMENT |
| Series statement |
LTCB international library selection = |
| -- |
Chōgin kokusai raiburarī sōsho ; |
| 500 ## - GENERAL NOTE |
| General note |
At head of title: LTCB International Library Trust/International House of Japan. |
| 500 ## - GENERAL NOTE |
| General note |
Translation of: Sho : hisshoku no uchū o yomitoku (Tokyo : Chuo Koron Shinsha, 2005). |
| 500 ## - GENERAL NOTE |
| General note |
Includes index. |
| 650 #0 - SUBJECT ADDED ENTRY--TOPICAL TERM |
| Topical Term |
Inscriptions, Chinese. |
| 650 #0 - SUBJECT ADDED ENTRY--TOPICAL TERM |
| Topical Term |
Calligraphy, Chinese |
| 650 #0 - SUBJECT ADDED ENTRY--TOPICAL TERM |
| Topical Term |
Calligraphy, Japanese |
| 650 #0 - SUBJECT ADDED ENTRY--TOPICAL TERM |
| Topical Term |
Chinese language |
| 650 #0 - SUBJECT ADDED ENTRY--TOPICAL TERM |
| Topical Term |
Japanese language |
| 710 2# - ADDED ENTRY--CORPORATE NAME |
| Corporate name or jurisdiction name as entry element |
LTCB International Library Trust. |
| 710 2# - ADDED ENTRY--CORPORATE NAME |
| Corporate name or jurisdiction name as entry element |
Kokusai Bunka Kaikan (Tokyo, Japan) |
| 942 ## - ADDED ENTRY ELEMENTS (KOHA) |
| Koha item type |
សៀវភៅភាសាអង់គ្លេស |
| 952 ## - LOCATION AND ITEM INFORMATION (KOHA) |
| Withdrawn status [LOCAL, KOHA] |
0 |